Score 0/26 Timer 04:00
0 Plays Today
Name Missing Word % Correct
Martin Luther ____, Jr.King
96%
Barack _____Obama
95.5%
Malcolm _X
91.5%
______ T. WashingtonBooker
90.2%
______ Washington CarverGeorge
87.1%
_______ TubmanHarriet
86.7%
Maya _______Angelou
84.9%
Jackie ________Robinson
82.7%
Colin ______Powell
79.6%
______ PoitierSidney
79.5%
Thurgood ________Marshall
78.6%
_____ OwensJesse
77.2%
_________ DouglassFrederick
71.9%
Name Missing Word % Correct
______ JonesQuincy
71.4%
Sojourner _____Truth
63%
W.E.B. __ ____Du Bois
57.9%
________ HughesLangston
55.1%
Medgar _____Evers
48.3%
____ SimoneNina
46.6%
___________ RiceCondoleezza
45.4%
____ Neale HurstonZora
33.8%
Coleman _____Young
33.4%
______ Jordan, Jr.Vernon
23%
___ B. WellsIda
21.1%
Madam C.J. ______Walker
19.1%
______ BurnsUrsula
14.6%

Today's Daily Dose

Remove Ads.
Support Sporcle.
Get the best of Sporcle when you Go Orange. This ad-free experience offers more features, more stats, and more fun while also helping to support Sporcle. Thank you for becoming a member.

You're not logged in!

Compare scores with friends on all Sporcle quizzes.
OR
Log In

Show Comments

Extras

Top Quizzes Today


Score Distribution

Your Account Isn't Verified!

In order to create a playlist on Sporcle, you need to verify the email address you used during registration. Go to your Sporcle Settings to finish the process.

Report this User

Report this user for behavior that violates our Community Guidelines.

Details: